The ordinance and declaration of the Lords and Commons, for the assessing all such who have not contributed sufficiently for raising of money, plate &c. : with His Maiesties [sic] declaration to all his loving subjects upon occasion thereof.

Bibliographic Details
Corporate Author: England and Wales. Parliament
Format: eBook
Language:English
Published: Oxford : by Leonard Lichfield ..., 1642.
Series:Early English books online.
Subjects:
Online Access:Connect to the full text of this electronic book

MARC

Tag First Indicator Second Indicator Subfields
LEADER 00000nam a2200000Ia 4500
001 in00004320522
005 20200812090728.0
006 m g d
007 cr bn |||a|bb|
008 030304s1642 enk o 000 0 eng d
035 |a (OCoLC)51784537 
040 |a EAE  |c EAE  |e dcrb 
037 |a CL0037000116  |b ProQuest Information and Learning. 300 N. Zeeb Rd., Ann Arbor, MI 48106 
043 |a e-uk-en 
090 |a KD5338  |b .E53 1642 
049 |a UMIA 
110 1 |a England and Wales.  |b Parliament. 
245 1 4 |a The ordinance and declaration of the Lords and Commons, for the assessing all such who have not contributed sufficiently for raising of money, plate &c. :  |b with His Maiesties [sic] declaration to all his loving subjects upon occasion thereof. 
246 3 6 |a His Maiesties declaration to all his loving subjects upon occasion of the aforesaid ordinance and declaration 
260 |a Oxford :  |b by Leonard Lichfield ...,  |c 1642. 
300 |a 1 online resource ([2], 6, 8 pages) 
336 |a text  |b txt  |2 rdacontent 
337 |a computer  |b c  |2 rdamedia 
338 |a online resource  |b cr  |2 rdacarrier 
500 |a "His Maiesties declaration" has caption title and separate numbering. 
500 |a Reproduction of original in: Henry E. Huntington Library and Art Gallery. 
510 4 |a Wing (2nd edition)  |c E1771D 
533 |a Electronic reproduction.  |b Ann Arbor, Mich. :  |c UMI,  |d 1999-  |f (Early English books online)  |n Digital version of: (Early English Books, 1641-1700 ; 2706:23)  |7 s1999 miun s 
650 0 |a Finance, Public  |z Great Britain  |y To 1688. 
651 0 |a Great Britain  |x History  |y Civil War, 1642-1649  |x Finance  |v Sources. 
610 1 0 |a England and Wales.  |b Army.  |v Early works to 1800. 
830 0 |a Early English books online. 
856 4 0 |u http://proxy.library.tamu.edu/login?url=https://search.proquest.com/docview/2248531528  |z Connect to the full text of this electronic book  |t 0 
999 f f |s 31750485-0842-3450-89b4-401b5ac8f7c0  |i d5ee74ff-5036-3a04-9771-18a3674e3197  |t 0 
952 f f |a Texas A&M University  |b College Station  |c Electronic Resources  |d Available Online  |t 0  |e KD5338 .E53 1642  |h Library of Congress classification 
998 f f |a KD5338 .E53 1642  |t 0  |l Available Online